000 01480cam a22003857a 4500
003 CHAP
005 20220329141847.0
008 980313d1997 mx r 00110 spa d
010 _a74914
011 _a75886
035 _a85459
040 _cCHAP
090 _aTesis
100 0 0 _aDomínguez Chalé, Leopoldo.
_933791
245 1 0 _aCaracterización fenológica y estudio del crecimiento de la planta de chile manzano (Capsicum pubescens R y P) en las condiciones ambientales de Chapingo, México
_c/por Leopoldo Domínguez Chalé y Edgar García Carnalla
260 _aChapingo, Méx. :
_bEl autor,
_c1997.
300 _a94 h. :
_bgráfs.
502 _aTesis (Ing. Agr. Esp. en Fitotecnia) -- UACH. Departamento de Fitotecnia
590 _aALEPH
_b10
_c20130110
_lUCH01
_h1422
590 _aBATCH-UPD
_b10
_c20130110
_lUCH01
_h0600
590 _aBATCH-UPD
_b10
_c20130410
_lUCH01
_h0241
590 _aBATCH-UPD
_b10
_c20130914
_lUCH01
_h0924
590 _aCONVERSION
_b10
_c20130109
_lUCH01
_h1341
650 1 4 _aChile manzano
_xCrecimiento.
_922450
650 1 4 _aChile manzano
_xEfecto del clima.
_922452
650 1 4 _aFenología.
_940043
650 1 4 _aFotosíntesis.
_942737
700 0 _aGarcía Carnalla, Edgar.
_945821
901 _aBK
905 _aGuadalupe Pinto C.
942 _cFOLL
949 _bBC
_cTES
_d33724000585147
_eTS2
_fc.3
_h32682
_i85459
_si
949 _bBC
_cTES
_d33724000628970
_eTS2
_fc.2
_h31834
_i85459
_si
949 _bBC
_cTES
_d854591
_eTS1
_h31833
_i85459
_sb
999 _c74914
_d74914